[Event "Ruhrgebiet Verbandsklasse Gruppe 2 1516"]
[Site "Germany"]
[Date "2016.03.20"]
[Round "8.7"]
[White "Balke, Heinrich Christian"]
[Black "Eusgeld, Michael"]
[Result "1/2-1/2"]
[WhiteElo "1822"]
[BlackElo "1755"]
[PlyCount "60"]
[EventDate "2015.09.06"]
[EventType "team-tourn"]
[EventRounds "9"]
[EventCountry "GER"]
[SourceTitle "EXT 2022"]
[Source "ChessBase"]
[SourceDate "2021.10.06"]
[SourceVersion "1"]
[SourceVersionDate "2021.10.06"]
[SourceQuality "1"]
[WhiteTeam "Recklinghausen Laeufer Ost"]
[BlackTeam "Essen SK Germania Kupferdreh"]
[WhiteTeamCountry "GER"]
[BlackTeamCountry "GER"]

1. e4 e6 2. d4 d5 3. Nd2 Nf6 4. e5 Nfd7 5. f4 c5 6. c3 Nc6 7. Ne2 Nb6 8. Nf3 Bd7 9. g3 Rc8 10. Bg2 cxd4 11. cxd4 Nb4 12. Nc3 Na4 13. a3 Nxc3 14. bxc3 Na6 15. Bd2 Bb5 16. Bf1 Bxf1 17. Kxf1 Qd7 18. Qb3 Be7 19. Kf2 0-0 20. Rhb1 b6 21. Qb5 Qxb5 22. Rxb5 Nb8 23. a4 Nc6 24. Ke3 Na5 25. Kd3 Rc6 26. Ng1 Nc4 27. Ne2 Rfc8 28. Ra2 Ba3 29. Rb3 Be7 30. Rb5 Ba3 1/2-1/2

[Event "Ruhrgebiet VK2 1213"]
[Site "Nordrheinwestfalen"]
[Date "2012.09.02"]
[Round "1.6"]
[White "Eusgeld, Michael"]
[Black "Raskin, Vitaly"]
[Result "1/2-1/2"]
[WhiteElo "1776"]
[BlackElo "1671"]
[PlyCount "80"]
[EventDate "2012.09.02"]
[EventType "team-tourn"]
[EventRounds "9"]
[EventCountry "GER"]
[SourceTitle "EXT 2020"]
[Source "ChessBase"]
[SourceDate "2019.10.17"]
[SourceVersion "1"]
[SourceVersionDate "2019.10.17"]
[SourceQuality "1"]
[WhiteTeam "Holsterhausen SK II"]
[BlackTeam "Dortmund FS 98 II"]
[WhiteTeamCountry "GER"]
[BlackTeamCountry "GER"]

1. d4 Nf6 2. Nf3 e6 3. c4 d5 4. Nc3 c5 5. e3 Nc6 6. a3 dxc4 7. Bxc4 cxd4 8. exd4 a6 9. 0-0 b5 10. Ba2 Be7 11. d5 exd5 12. Nxd5 Nxd5 13. Bxd5 Bb7 14. Ne5 Nxe5 15. Bxb7 Qxd1 16. Rxd1 Ra7 17. Be4 0-0 18. Be3 Rd7 19. Rxd7 Nxd7 20. Bb7 Nc5 21. Bxc5 Bxc5 22. Bxa6 Rb8 23. Rd1 b4 24. a4 g6 25. Bc4 Rb7 26. Rd8+ Kg7 27. Rd5 Rc7 28. b3 h5 29. Kf1 Kf6 30. h4 Ke7 31. Ke2 Ke8 32. Kf3 Ke7 33. a5 Bd6 34. a6 Bc5 35. Re5+ Kf6 36. Re8 Ba7 37. Re4 Bc5 38. Rf4+ Kg7 39. Ke4 Rd7 40. Kf3 f5 1/2-1/2